000 00917cam a22002414a 4500
001 12034180
005 20180216033058.0
008 000608m20019999ctu b 001 0 eng
010 _a 00044503
020 _a1884158250
040 _aDLC
_cDLC
_dDLC
041 _aeng
042 _apcc
080 _a362.204256 CAR
082 0 0 _a362.204256 CAR
_221
100 1 _a48
101 _aPSI
245 1 4 _aThe courage to lead :
_cHannah Carlson ; designs by Carol Nicklaus.
504 _aIncludes bibliographical references (p. [135]-137) and index.
906 _a7
_bcbc
_corignew
_d1
_eocip
_f20
_gy-gencatlg
942 _2ddc
_cBK
999 _c42725
_d42725